| Registos Bibliográficos associados ao registo de autoridade |
|
Etiqueta de registo: 00884cam 2200289 450 001 1867713 003 http://id.bnportugal.gov.pt/bib/catbnp/1867713 010 ## $a978-989-23-2478-4 021 ## $aPT$b363990/13 100 ## $a20140320d2013 ad y0pory01030103ba 101 1# $apor$cfre 102 ## $aPT 105 ## $aa t 000yy 106 ## $ar 200 1# $a A onda septimus$fargumento Jean Dufaux$gdes. Antoine Aubin, Étienne Schréder$gcor Laurence Croix$gtrad. Paula Caetano$grev. Sara Costa 205 ## $a1ª ed 210 #9 $aAlfragide$cAsa II,$d2013 215 ## $a70, [2] p.$cil.$d30 cm 225 2# $aAventuras de Blake e Mortimer$v22 304 ## $aTít. orig.: Blake et Mortimer - l'onde septimus 675 ## $a087.5$vBN$zpor$3287999 675 ## $a741(=1:493)"20"$vBN$zpor$31504724 675 ## $a741(=1:44)"20"$vBN$zpor$31495749 675 ## $a821.133.1(493)-9"19/20"$vBN$zpor$31146680 700 #1 $aDufaux,$bJean,$f1949-$3159630 702 #1 $aAubin,$bAntoine,$cpseud.$4440$31567749 702 #1 $aSchréder,$bEtienne,$f1950-$4440$3270976 702 #1 $a Croix,$bLaurence$4440$31469389 702 #1 $aCaetano,$bPaula$4730$344170 702 #1 $aJacobs,$bEdgar P.,$f1904-1987$4100$331450 702 #1 $aCosta,$bSara$4675$31229862 801 #0 $aPT$bBN$gRPC 856 41 $uhttp://rnod.bnportugal.gov.pt/ImagesBN/winlibimg.aspx?skey=&doc=1867713&img=40667&save=true 900 ## $aBIBNAC$d20140423 966 ## $lBN$mFGMON$sP. 4355 A.$x1 966 ## $lBN$mFGMON$sP. 4355 A.-D$x1
Etiqueta de registo: 00000nam 2200025 450 001 1977329 003 http://id.bnportugal.gov.pt/bib/catbnp/1977329 010 ## $a978-989-23-1053-4$bv. 2) 021 ## $aPT$b428740/17 100 ## $a20171128g201 9999a y0pory01030103ba 101 1# $apor$cfre 102 ## $aPT 105 ## $aa t 000yy 106 ## $ar 200 1# $a A maldição dos trinta denários$fargumento Jean Van Hamme$gdes. Antoine Aubin$gtrad. Paula Caetano 205 ## $a2ª ed 210 #9 $aAlfragide$cASA,$d[201-]- 215 ## $av.$ctodo il.$d31 cm 225 2# $a As aventuras de Blake e Mortimer$v20 304 ## $aTít. orig.: La melédiction des trente deniers 327 0# $a2º v.: A porta de Orfeu. - 2017. - 56 p. 517 1# $a A porta de Orfeu 675 ## $a087.5$vBN$zpor$3287999 675 ## $a741(=1:493)"19/20"$vBN$zpor$31499667 675 ## $a821.133.1(493)-9"19/20"$vBN$zpor$31146680 700 #1 $aVan Hamme,$bJean,$f1939-$370819 702 #1 $aAubin,$bAntoine,$cpseud.$4440$31567749 702 #1 $aCaetano,$bPaula$4730$344170 702 #1 $aJacobs,$bEdgar P.,$f1904-1987$4100$331450 801 #0 $aPT$bBN$gRPC 856 41 $uhttp://rnod.bnportugal.gov.pt/ImagesBN/winlibimg.aspx?skey=&doc=1977329&img=102128&save=true 900 ## $aBIBNAC$d20180102 966 ## $b001$d2º v.$lBN$mFGMON$sC.G. 3123 A.$x1 966 ## $b001$d2º v.$lBN$mFGMON$sC.G. 3123 A.-D $x1 997 ## $aBIBEOD
Etiqueta de registo: 00884nam 2200289 450 001 2118945 003 http://id.bnportugal.gov.pt/bib/catbnp/2118945 010 ## $a978-989-23-5557-3 021 ## $aPT$b503199/22 100 ## $a20221220d2022 de y0pory01030103ba 101 1# $apor$cfre 102 ## $aPT 105 ## $aa t 000zy 106 ## $ar 200 1# $aOito horas em Berlim$fargumento José-Louis Bocquet, Jean-Luc Fromental$gdes. Antoine Aubin$gtrad. Paula Caetano 205 ## $a1ª ed 210 #9 $aAlfragide$cAsa,$d2022 215 ## $a63, [1] p.$cil.$d32 cm 225 2# $aAventuras de Blake e Mortimer$v29 304 ## $aTít. orig.: Blake et Mortimer - huit heurs à Berlin 675 ## $a087.5$vBN$zpor$3287999 675 ## $a741(=1:44)"20"$vBN$zpor$31495749 675 ## $a821.133.1-9"19/20"$vBN$zpor$3595752 700 #0 $aBocquet$342976 701 #1 $aFromental,$bJean-Luc,$f1950-$4070$3280450 702 #1 $aAubin,$bAntoine,$cpseud.$4440$31567749 702 #1 $aCaetano,$bPaula$4730$344170 702 #1 $aJacobs,$bEdgar P.,$f1904-1987$4100$331450 801 #0 $aPT$bBN$gRPC 856 41 $uhttp://rnod.bnportugal.gov.pt/ImagesBN/winlibimg.aspx?skey=&doc=2118945&img=173077&save=true 900 ## $aBIBNAC$d20230206 966 ## $lBN$mFGMON$sP. 5405 A.$x1 966 ## $lBN$mFGMON$sP. 5405 A.-D $x1 971 ## $ccsilva$d20221220 972 ## $e0$z0$d20230206$viquintas 973 ## $caalmeid$d20230110
Etiqueta de registo: 00254nam 2200025 450 001 2284745 003 http://id.bnportugal.gov.pt/bib/catbnp/2284745 010 ## $a9782870971895 100 ## $a20260419d2013 m y0pory01030103ba 101 0# $afre 102 ## $aFR 105 ## $aa z 000yy 106 ## $ar 200 1# $aL'onde Septimus$e[les mille reflets du docteur Septimus]$fargument de Jean Dufaux, $gdessins de Antoine Aubin, Étienne Schréder 205 ## $a1ª Edição 210 #9 $aBruxelles$cEditions Blake et Mortimer,$d2013 215 ## $a72 p.$cil. color$d31 cm 225 2# $aLes aventures de Blake et Mortimer$v22 317 ## $aColeção Leandro de Moraes Sarmento$5PTBN: L.M.S. 421 606 ## $aBanda desenhada$yBélgica$zSéc. 20$2SIPOR$31996305 675 ## $a741(=1:44)"20"$vBN$zpor$31495749 700 #1 $aDufaux,$bJean,$f1949-$3159630 701 #1 $aAubin,$bAntoine,$cpseud.$4440$31567749 701 #1 $aSchréder,$bEtienne,$f1950-$4440$3270976 801 #0 $aPT$bBN$gRPC 966 ## $lBN$mFGMON$pBiblioteca particular Leandro de Moraes Sarmento$sL.M.S. 421 $x3
Etiqueta de registo: 00254nam 2200025 450 001 2284750 003 http://id.bnportugal.gov.pt/bib/catbnp/2284750 010 ## $a9789892324791 100 ## $a20260419d2014 m y0pory01030103ba 101 1# $apor$cfre 102 ## $aPT 105 ## $ab t 000yy 106 ## $ar 200 1# $a A onda Septimus$fargumento Jean Dufaux$gdes. Antoine Aubin, Étienne Schréder$gcor Laurence Croix$gtrad. Paula Caetano$grev. Sara Costa 210 #9 $aAlfragide$cAsa,$d2013 215 ## $a70 p.$ctodo il.$d31 cm 225 2# $a As aventuras de Blake e Mortimer$v22 304 ## $aTít. orig.: L'onde Septimus 304 ## $aEdição limitada de colecionador 317 ## $aColeção Leandro de Moraes Sarmento$5PTBN: L.M.S. 414 606 ## $aBanda desenhada$yBélgica$zSéc. 20$2SIPOR$31996305 675 ## $a087.5$vBN$zpor$3287999 675 ## $a741(=1:44)"19/20"$vBN$zpor$31509459 675 ## $a821.133.1(493)-9"19/20"$vBN$zpor$31146680 700 #1 $aDufaux,$bJean,$f1949-$3159630 702 #1 $aAubin,$bAntoine,$cpseud.$4440$31567749 702 #1 $aSchréder,$bEtienne,$f1950-$4440$3270976 702 #1 $a Croix,$bLaurence$4440$31469389 702 #1 $aCaetano,$bPaula$4730$344170 702 #1 $aJacobs,$bEdgar P.,$f1904-1987$4100$331450 702 #1 $aCosta,$bSara$4675$31229862 801 #0 $aPT$bBN$gRPC 966 ## $lBN$mFGMON$pBiblioteca particular Leandro de Moraes Sarmento$sL.M.S. 414 $x3
|
|
|